| 000 | 00547nam a22001457a 4500 | ||
|---|---|---|---|
| 005 | 20230616155044.0 | ||
| 008 | 230425b xxu||||| |||| 00| 0 eng d | ||
| 082 |
_a537 _bMAL |
||
| 100 | _aMalliakarjun J D | ||
| 245 |
_aವಿದ್ಯುತ್ ಅಮ್ಮ _bVidyut amma _cMallikarjun J D |
||
| 260 |
_aBelagavi _bPrasaranga, Visveswaraya Technological University ( VTU ) _c2021 |
||
| 300 | _a36p. | ||
| 440 | _aJanpriya Taantrika Shikshana Maale (ಜನಪ್ರಿಯ ತಾಂತ್ರಿಕ ಶಿಕ್ಷಣ ಮಾಲೆ) | ||
| 650 | _aGeneral | ||
| 999 |
_c11636 _d11636 |
||